| 000 -LEADER |
| fixed length control field |
02688cam a2200613 i 4500 |
| 001 - CONTROL NUMBER |
| control field |
20937969 |
| 005 - DATE AND TIME OF LATEST TRANSACTION |
| control field |
20230209132042.0 |
| 008 - FIXED-LENGTH DATA ELEMENTS--GENERAL INFORMATION |
| fixed length control field |
190418t20162016nyuab b 001 0 eng d |
| 010 ## - LIBRARY OF CONGRESS CONTROL NUMBER |
| LC control number |
2018275462 |
| 015 ## - NATIONAL BIBLIOGRAPHY NUMBER |
| National bibliography number |
GBB5I4709 |
| Source |
bnb |
| 016 7# - NATIONAL BIBLIOGRAPHIC AGENCY CONTROL NUMBER |
| Record control number |
017676779 |
| Source |
Uk |
| 020 ## - INTERNATIONAL STANDARD BOOK NUMBER |
| International Standard Book Number |
9781510711846 |
| Qualifying information |
hardcover |
| 020 ## - INTERNATIONAL STANDARD BOOK NUMBER |
| International Standard Book Number |
1510711848 |
| Qualifying information |
hardcover |
| 020 ## - INTERNATIONAL STANDARD BOOK NUMBER |
| International Standard Book Number |
9781510729735 |
| Qualifying information |
paperback |
| 020 ## - INTERNATIONAL STANDARD BOOK NUMBER |
| International Standard Book Number |
1510729739 |
| Qualifying information |
paperback |
| 020 ## - INTERNATIONAL STANDARD BOOK NUMBER |
| Canceled/invalid ISBN |
9781510711853 |
| Qualifying information |
electronic book |
| 035 ## - SYSTEM CONTROL NUMBER |
| System control number |
(OCoLC)ocn931642026 |
| 037 ## - SOURCE OF ACQUISITION |
| Source of stock number/acquisition |
Perseus Distribution Services, 1094 Flex Dr, Jackson, TN, USA, 38301-5070 |
| Note |
SAN 631-760X |
| 040 ## - CATALOGING SOURCE |
| Original cataloging agency |
BTCTA |
| Language of cataloging |
eng |
| Transcribing agency |
BTCTA |
| Description conventions |
rda |
| Modifying agency |
YDXCP |
| -- |
BDX |
| -- |
OCLCQ |
| -- |
ZQP |
| -- |
CGP |
| -- |
LEB |
| -- |
JAO |
| -- |
IFA |
| -- |
JID |
| -- |
OCLCF |
| -- |
GZT |
| -- |
NLGGC |
| -- |
CDX |
| -- |
IBI |
| -- |
VP@ |
| -- |
GZM |
| -- |
ILC |
| -- |
BUR |
| -- |
QBX |
| -- |
S3O |
| -- |
SFR |
| -- |
BYV |
| -- |
CHILD |
| -- |
UAP |
| -- |
OCLCQ |
| -- |
OCLCO |
| -- |
YDX |
| -- |
UKMGB |
| -- |
DLC |
| 042 ## - AUTHENTICATION CODE |
| Authentication code |
lccopycat |
| 043 ## - GEOGRAPHIC AREA CODE |
| Geographic area code |
aw----- |
| 050 00 - LIBRARY OF CONGRESS CALL NUMBER |
| Classification number |
HV6433.I722 |
| Item number |
N358 2016 |
| 082 04 - DEWEY DECIMAL CLASSIFICATION NUMBER |
| Classification number |
363.325,NAN |
| Edition number |
23 |
| 084 ## - OTHER CLASSIFICATION NUMBER |
| Classification number |
POL037000 |
| -- |
SOC048000 |
| -- |
POL012000 |
| -- |
HIS027060 |
| Number source |
bisacsh |
| 100 1# - MAIN ENTRY--PERSONAL NAME |
| Personal name |
Nance, Malcolm W., |
| Relator term |
author. |
| 9 (RLIN) |
108789 |
| 245 10 - TITLE STATEMENT |
| Title |
Defeating ISIS : |
| Remainder of title |
who they are, how they fight, what they believe / |
| Statement of responsibility, etc. |
Malcolm Nance ; [foreword by Richard Engel]. |
| 264 #1 - PRODUCTION, PUBLICATION, DISTRIBUTION, MANUFACTURE, AND COPYRIGHT NOTICE |
| Place of production, publication, distribution, manufacture |
New York : |
| Name of producer, publisher, distributor, manufacturer |
Skyhorse Publishing, |
| Date of production, publication, distribution, manufacture, or copyright notice |
[2016] |
| 264 #4 - PRODUCTION, PUBLICATION, DISTRIBUTION, MANUFACTURE, AND COPYRIGHT NOTICE |
| Date of production, publication, distribution, manufacture, or copyright notice |
©2016 |
| 300 ## - PHYSICAL DESCRIPTION |
| Extent |
xx, 505 pages : |
| Other physical details |
illustrations, maps ; |
| Dimensions |
24 cm |
| 336 ## - CONTENT TYPE |
| Content type term |
text |
| Content type code |
txt |
| Source |
rdacontent |
| 337 ## - MEDIA TYPE |
| Media type term |
unmediated |
| Media type code |
n |
| Source |
rdamedia |
| 338 ## - CARRIER TYPE |
| Carrier type term |
volume |
| Carrier type code |
nc |
| Source |
rdacarrier |
| 505 0# - FORMATTED CONTENTS NOTE |
| Formatted contents note |
Part 1: Who they are. The old history of the new caliphate (Page-1), Part 2: Where they are (Page-69), Part 3: What they believe (Page-183), Part 4: How they fight (Page-299). |
| 610 20 - SUBJECT ADDED ENTRY--CORPORATE NAME |
| Corporate name or jurisdiction name as entry element |
IS (Organization) |
| 9 (RLIN) |
8476 |
| 610 24 - SUBJECT ADDED ENTRY--CORPORATE NAME |
| Corporate name or jurisdiction name as entry element |
IS (Organization) |
| 9 (RLIN) |
8476 |
| 610 27 - SUBJECT ADDED ENTRY--CORPORATE NAME |
| Corporate name or jurisdiction name as entry element |
IS (Organization) |
| Source of heading or term |
fast |
| Authority record control number or standard number |
(OCoLC)fst01914325 |
| 9 (RLIN) |
8476 |
| 610 27 - SUBJECT ADDED ENTRY--CORPORATE NAME |
| Corporate name or jurisdiction name as entry element |
IS (Organization) |
| Source of heading or term |
sears |
| 9 (RLIN) |
8476 |
| 650 #0 - SUBJECT ADDED ENTRY--TOPICAL TERM |
| Topical term or geographic name entry element |
Jihad. |
| 9 (RLIN) |
16743 |
| 650 #0 - SUBJECT ADDED ENTRY--TOPICAL TERM |
| Topical term or geographic name entry element |
Terrorism |
| General subdivision |
Religious aspects |
| -- |
Islam. |
| 9 (RLIN) |
8478 |
| 650 #0 - SUBJECT ADDED ENTRY--TOPICAL TERM |
| Topical term or geographic name entry element |
Terrorism |
| Geographic subdivision |
Middle East. |
| 9 (RLIN) |
98766 |
| 650 #7 - SUBJECT ADDED ENTRY--TOPICAL TERM |
| Topical term or geographic name entry element |
Jihad. |
| Source of heading or term |
fast |
| Authority record control number or standard number |
(OCoLC)fst00983599 |
| 9 (RLIN) |
16743 |
| 650 #7 - SUBJECT ADDED ENTRY--TOPICAL TERM |
| Topical term or geographic name entry element |
Terrorism. |
| Source of heading or term |
fast |
| Authority record control number or standard number |
(OCoLC)fst01148101 |
| 650 #7 - SUBJECT ADDED ENTRY--TOPICAL TERM |
| Topical term or geographic name entry element |
Terrorism |
| General subdivision |
Religious aspects |
| -- |
Islam. |
| Source of heading or term |
fast |
| Authority record control number or standard number |
(OCoLC)fst01148138 |
| 9 (RLIN) |
8478 |
| 650 #7 - SUBJECT ADDED ENTRY--TOPICAL TERM |
| Topical term or geographic name entry element |
Jihad (heligt krig) |
| Source of heading or term |
sao |
| 9 (RLIN) |
106233 |
| 650 #7 - SUBJECT ADDED ENTRY--TOPICAL TERM |
| Topical term or geographic name entry element |
Terrorism |
| General subdivision |
religiösa aspekter. |
| Source of heading or term |
sao |
| 9 (RLIN) |
108790 |
| 650 #7 - SUBJECT ADDED ENTRY--TOPICAL TERM |
| Topical term or geographic name entry element |
Islam. |
| Source of heading or term |
sao |
| 650 #7 - SUBJECT ADDED ENTRY--TOPICAL TERM |
| Topical term or geographic name entry element |
Terrorism |
| Geographic subdivision |
Middle East. |
| Source of heading or term |
sears |
| 9 (RLIN) |
98766 |
| 650 #7 - SUBJECT ADDED ENTRY--TOPICAL TERM |
| Topical term or geographic name entry element |
Terrorism |
| General subdivision |
Religious aspects |
| -- |
Islam. |
| Source of heading or term |
sears |
| 9 (RLIN) |
8478 |
| 651 #7 - SUBJECT ADDED ENTRY--GEOGRAPHIC NAME |
| Geographic name |
Middle East. |
| Source of heading or term |
fast |
| Authority record control number or standard number |
(OCoLC)fst01241586 |
| 700 1# - ADDED ENTRY--PERSONAL NAME |
| Personal name |
Engel, Richard, |
| Dates associated with a name |
1973- |
| Relator term |
writer of foreword. |
| 9 (RLIN) |
108791 |
| 906 ## - LOCAL DATA ELEMENT F, LDF (RLIN) |
| a |
7 |
| b |
cbc |
| c |
copycat |
| d |
2 |
| e |
ncip |
| f |
20 |
| g |
y-gencatlg |
| 942 ## - ADDED ENTRY ELEMENTS (KOHA) |
| Source of classification or shelving scheme |
|
| Koha item type |
Book |